Model' dolgosročnogo ekonomičeskogo rosta.

Štruktúra dlhodobého modelu vyjadruje trajektórie dynamiky základných makroekonomických parametrov pre dlhodobé intervaly. V matematickom vyjadrení logicko-funkčnej štruktúry modelu sa používajú ukazovatele HDP, hrubých investícií, hrubého exportu, hrubého importu, koeficient kapitálovej náročnosti,...

Descrizione completa

Salvato in:
Dettagli Bibliografici
Autore principale: Dadajan, V.
Altri autori: Bessarab, S.
Natura: Capitolo di libro
Lingua:russo
Soggetti:
Tags: Aggiungi Tag
Nessun Tag, puoi essere il primo ad aggiungerne!!

MARC

LEADER 00000naa a2200000 4500
001 r009653
005 20221130113223.2
041 0 |a rus 
044 |a [SU] 
245 1 0 |a Model' dolgosročnogo ekonomičeskogo rosta.  |c V. Dadajan, S. Bessarab 
520 |a Štruktúra dlhodobého modelu vyjadruje trajektórie dynamiky základných makroekonomických parametrov pre dlhodobé intervaly. V matematickom vyjadrení logicko-funkčnej štruktúry modelu sa používajú ukazovatele HDP, hrubých investícií, hrubého exportu, hrubého importu, koeficient kapitálovej náročnosti, podiel exportu a importu na HDP a počet rokov. Nástrojom zobrazenia dynamiky ukazovateľov sú regresné funkcie. Prezentácia výsledkov realizácie modelovania na rozvoji svetovej ekonomiky a na prognóze rozvoja ZSSR. 
610 2 0 |a rast hospodársky 
610 2 0 |a funkcie regresné 
610 2 0 |a ukazovatele ekonomické 
610 2 0 |a investície 
610 2 0 |a dovoz 
610 2 0 |a vývoz 
610 2 0 |a modely rastu 
610 2 0 |a hospodárstvo svetové 
610 2 0 |a produkt domáci hrubý 
610 2 0 |a prognózy 
610 2 0 |a ZSSR 
610 2 0 |a 1960-2005 
100 1 |a Dadajan, V. 
700 1 |a Bessarab, S.